Normal view
MARC view
Entry Topical Term
001 - CONTROL NUMBER
- control field: 21385
003 - CONTROL NUMBER IDENTIFIER
- control field: ARRUPE
005 - DATE AND TIME OF LATEST TRANSACTION
- control field: 20151218082629.0
008 - FIXED-LENGTH DATA ELEMENTS
- fixed length control field: 151218|| aca||aabn | a|a d
040 ## - CATALOGING SOURCE
- Original cataloging agency: ARRUPE
- Transcribing agency: ARRUPE
150 ## - HEADING--TOPICAL TERM
- Topical term or geographic name as entry element: Communalism
670 ## - SOURCE DATA FOUND
- Source citation: Work cat.: (ARRUPE): Varuvel, Gnanamuthu 21384, From communalism to communual harmony:, 2009